000 00655nam a2200241Ia 4500
003 OSt
005 20220926042849.0
006 a|||||r|||| 00| 0
007 ta
008 220923b |||||||| |||| 00| 0 eng d
037 _cGeneral Book
040 _aRTL
_cRTL
_beng
041 _2eng
_aeng
082 _aX:51b4, J7
110 _aAmerican Management Association
_9315304
245 0 _aCommercialization of research results
260 _c1957
490 _aIts Special Report. 20
650 _aMarketing
_915998
700 _aAmerican Management Association
_9315305
942 _hX:51b4, J7
_cGB
_2CC
999 _c670742
_d670742